[Event "Duran zt 2.3.5 (Women)"]
[Site "Duran"]
[Date "2012.03.11"]
[Round "9"]
[White "Verdesoto Moreira, Carla Melan"]
[Black "Diaz Alarcon, Maria Fernanda"]
[Result "1/2-1/2"]
[WhiteElo "1613"]
[BlackElo "1682"]
[PlyCount "37"]
[EventDate "2012.03.05"]
[EventType "swiss"]
[EventRounds "9"]
[EventCountry "ECU"]
[SourceTitle "EXT 2023"]
[Source "ChessBase"]
[SourceDate "2022.10.05"]
[SourceVersion "1"]
[SourceVersionDate "2022.10.05"]
[SourceQuality "1"]

1. e4 d6 2. d4 Nf6 3. Nc3 g6 4. Bg5 Bg7 5. Nf3 Nbd7 6. Bc4 c5 7. e5 dxe5 8. dxe5 Ng4 9. e6 fxe6 10. Bxe6 Ngf6 11. Qd2 Qb6 12. Bb3 Qc7 13. 0-0 h6 14. Bf4 Qc6 15. Rfe1 b6 16. Bd6 Bf8 17. Ne5 Nxe5 18. Bxe5 Rh7 19. Nd5 1/2-1/2

[Event "Duran zt 2.3.5 (Women)"]
[Site "Duran"]
[Date "2012.03.10"]
[Round "8"]
[White "Diaz Alarcon, Maria Fernanda"]
[Black "Saltos Velez, Ilenia"]
[Result "1/2-1/2"]
[WhiteElo "1682"]
[BlackElo "1667"]
[PlyCount "23"]
[EventDate "2012.03.05"]
[EventType "swiss"]
[EventRounds "9"]
[EventCountry "ECU"]
[SourceTitle "EXT 2023"]
[Source "ChessBase"]
[SourceDate "2022.10.05"]
[SourceVersion "1"]
[SourceVersionDate "2022.10.05"]
[SourceQuality "1"]

1. Nf3 d5 2. d3 c5 3. g3 Nc6 4. Bg2 Nf6 5. Nbd2 e6 6. c4 Be7 7. 0-0 0-0 8. a3 b6 9. Rb1 Bb7 10. Ne1 Qc7 11. Nc2 dxc4 12. Nxc4 1/2-1/2

[Event "Duran zt 2.3.5 (Women)"]
[Site "Duran"]
[Date "2012.03.08"]
[Round "6"]
[White "Diaz Alarcon, Maria Fernanda"]
[Black "Rosales Murillo, Cristina"]
[Result "1-0"]
[WhiteElo "1682"]
[BlackElo "1677"]
[PlyCount "103"]
[EventDate "2012.03.05"]
[EventType "swiss"]
[EventRounds "9"]
[EventCountry "ECU"]
[SourceTitle "EXT 2023"]
[Source "ChessBase"]
[SourceDate "2022.10.05"]
[SourceVersion "1"]
[SourceVersionDate "2022.10.05"]
[SourceQuality "1"]

1. Nf3 b6 2. g3 Bb7 3. Bg2 e6 4. d3 Be7 5. e4 g5 6. Be3 g4 7. Ng1 h5 8. h4 f5 9. Nc3 Nf6 10. Nge2 e5 11. Rh2 d5 12. Nxd5 Nxd5 13. exd5 Bxd5 14. Bxd5 Qxd5 15. Nc3 Qe6 16. Qe2 Nc6 17. a3 0-0-0 18. 0-0-0 Bf6 19. Rhh1 Rhe8 20. Qe1 Nd4 21. Bxd4 exd4 22. Nb1 Qc6 23. Qf1 Bg7 24. Re1 Bh6+ 25. Nd2 Bxd2+ 26. Kxd2 Qf3 27. Rg1 f4 28. Qg2 Rxe1 29. Qxf3 gxf3 30. Rxe1 Rf8 31. gxf4 Rxf4 32. Re4 Rxe4 33. dxe4 Kd7 34. Kd3 c5 35. c3 dxc3 36. bxc3 Ke6 37. Ke3 b5 38. Kxf3 a5 39. Ke3 a4 40. Kd3 Ke5 41. f3 Kf4 42. Kd2 Ke5 43. Kd3 Kf4 44. c4 b4 45. Kc2 Ke5 46. axb4 cxb4 47. c5 Ke6 48. f4 Kd7 49. f5 Kc6 50. f6 Kb5 51. f7 b3+ 52. Kc3 1-0

[Event "Ibague op"]
[Site "Ibague"]
[Date "2011.08.27"]
[Round "3"]
[White "Diaz Alarcon, Maria Fernanda"]
[Black "Espinosa, Julio Manuel"]
[Result "0-1"]
[WhiteElo "1704"]
[BlackElo "2282"]
[PlyCount "36"]
[EventDate "2011.08.26"]
[EventType "swiss"]
[EventRounds "7"]
[EventCountry "COL"]
[SourceTitle "CBM 144 Extra"]
[Source "ChessBase"]
[SourceDate "2011.10.28"]
[SourceVersion "1"]
[SourceVersionDate "2011.10.28"]
[SourceQuality "1"]

1. e4 e5 2. Nf3 d6 3. Nc3 Be7 4. Be2 Nf6 5. 0-0 0-0 6. Nh4 Nxe4 7. f4 Nxc3 8. dxc3 Bxh4 9. fxe5 dxe5 10. Qxd8 Bxd8 11. Rf3 Bg4 12. Re3 Bxe2 13. Rxe2 Nc6 14. Bd2 Be7 15. Rae1 f6 16. b4 b5 17. a3 a5 18. bxa5 Nxa5 0-1

[Event "Pan American-ch U14 Girls"]
[Site "Cali"]
[Date "2011.07.06"]
[Round "6"]
[White "Nunez, Lucia"]
[Black "Diaz Alarcon, Maria Fernanda"]
[Result "0-1"]
[WhiteElo "1628"]
[BlackElo "1704"]
[PlyCount "140"]
[EventDate "2011.07.03"]
[EventType "swiss"]
[EventRounds "9"]
[EventCountry "COL"]
[SourceTitle "CBM 143 Extra"]
[Source "ChessBase"]
[SourceDate "2011.08.29"]
[SourceVersion "1"]
[SourceVersionDate "2011.08.29"]
[SourceQuality "1"]

1. e4 b6 2. d3 Bb7 3. Nc3 e6 4. Nf3 c5 5. Be2 d5 6. Bf4 a6 7. exd5 exd5 8. d4 Nf6 9. 0-0 Be7 10. Re1 0-0 11. h3 Nc6 12. Be3 Qd7 13. Ne5 Nxe5 14. dxe5 Ne8 15. Bg4 Qc6 16. Bf3 Nc7 17. Bf4 Rad8 18. Ne2 Ne6 19. Qd2 Qc7 20. c3 Rfe8 21. Ng3 d4 22. Bxb7 Qxb7 23. Qc1 dxc3 24. bxc3 Rd3 25. Be3 Qd5 26. Qb2 b5 27. Bc1 h6 28. Qc2 Rd8 29. Nf5 Bf8 30. f4 Qc4 31. Re3 Rd1+ 32. Kh2 Nxf4 33. Re4 Qd3 34. Ne3 Qxc2 35. Nxc2 Nd3 36. Be3 Rxa1 37. Nxa1 Rd5 38. e6 fxe6 39. Rxe6 Re5 40. Rxe5 Nxe5 41. Nb3 c4 42. Nd4 Kf7 43. Kg3 Nd3 44. Ne2 b4 45. cxb4 Bxb4 46. Bd4 g6 47. Kf3 Ke6 48. Ke4 Kd6 49. Nf4 Nxf4 50. Be5+ Ke6 51. Bxf4 g5 52. Bc1 Bc3 53. Be3 a5 54. Bd4 Bd2 55. Bg7 h5 56. Kd4 c3 57. Kd3 Kd5 58. Bxc3 Bxc3 59. Kxc3 Kc5 60. a4 h4 61. Kd3 Kb4 62. Kd4 Kxa4 63. Kc4 Ka3 64. Kc3 a4 65. Kc2 Kb4 66. Kb2 Kc4 67. Ka3 Kd3 68. Kxa4 Ke2 69. Kb3 Kf2 70. Kc2 Kxg2 0-1

[Event "Pan American U14 Girls"]
[Site "Bento Goncalves"]
[Date "2010.08.06"]
[Round "7"]
[White "Diaz Alarcon, Maria Fernanda"]
[Black "Denon, Nicole"]
[Result "1-0"]
[WhiteElo "1679"]
[BlackElo "1671"]
[PlyCount "95"]
[EventDate "2010.08.02"]
[EventType "swiss"]
[EventRounds "9"]
[EventCountry "BRA"]
[SourceTitle "EXT 2013"]
[Source "ChessBase"]
[SourceDate "2012.11.22"]
[SourceVersion "1"]
[SourceVersionDate "2012.11.22"]
[SourceQuality "1"]

1. b3 e5 2. Bb2 Nc6 3. e3 d5 4. Bb5 Bd6 5. f4 f6 6. fxe5 fxe5 7. Nf3 Bg4 8. h3 Bxf3 9. Qxf3 Nf6 10. Nc3 e4 11. Qf5 Bg3+ 12. Kd1 Qd6 13. Ne2 0-0 14. Bxc6 bxc6 15. Qg5 Bf2 16. Rf1 h6 17. Qe5 Qxe5 18. Bxe5 Nd7 19. Bxc7 Bh4 20. Rg1 Rf7 21. Bg3 Bxg3 22. Nxg3 Raf8 23. Kc1 Rf2 24. c3 Nc5 25. Kc2 g6 26. b4 Nd3 27. Rab1 Rb8 28. Nh1 Rf6 29. g4 Rf3 30. h4 Kh7 31. h5 g5 32. Rgf1 Rxf1 33. Rxf1 a5 34. a3 axb4 35. axb4 c5 36. bxc5 Rc8 37. Ng3 Rxc5 38. Kb3 Rc6 39. Nf5 Rb6+ 40. Ka3 Ne5 41. Rg1 Nf3 42. Rg2 Rc6 43. Kb4 Ne1 44. Re2 Nd3+ 45. Kb5 Rc5+ 46. Kb6 Rc4 47. Ne7 d4 48. exd4 1-0